00440nam a2200169Ia 4500008004100000020001800041041000800059082001600067100002200083245004700105260004000152300000900192500002000201500001200221650001500233700002200248230125s9999 xx 000 0 und d a81-85614-52-0 aeng a657.42bBHA aBhattacharyya A K aPrinciples and practice of cost accounting c1996bWheeler PublishingaNew Delhi a891p aCost accounting aCosting aAccounting aBhattacharyya A K